| 000 | 00774nam a22002057a 4500 | ||
|---|---|---|---|
| 008 | 250617b |||||||| |||| 00| 0 eng d | ||
| 020 | _a9781009222327 | ||
| 040 |
_aCUZ _beng _crda _dCUZ _erda |
||
| 050 | _aPS3511.A86Z6BER | ||
| 100 | _aJonathan Berliner | ||
| 245 |
_aWilliam Faulkner and the materials of writing _cby Jonathan Berliner |
||
| 264 |
_aNew York _bCambridge University press _c©2023 |
||
| 300 | _aextent vii,196pages | ||
| 336 |
_atext _btxt |
||
| 337 |
_aunmediated _bn |
||
| 338 | _2rdacarrier | ||
| 500 | _aincludes index | ||
| 650 |
_aNot even past: Media , history and repurposing the text _aParchment bodies: Race and writing materials _aFrom Ivory to Foolscap: Writing and Intimacy |
||
| 942 |
_cOS _i3511.A86ZBER _kPS |
||
| 999 |
_c45150 _d45150 |
||